| 000 | 01066cam a22003015a 4500 | ||
|---|---|---|---|
| 008 | 081214t2005 enka frb 001 0 eng d | ||
| 010 | _a 2005043613 | ||
| 020 | _a0321263545 | ||
| 020 | _a9780321263544 | ||
| 040 |
_aEG-ScBUE _beng _cEG-ScBUE |
||
| 082 | 0 | 4 |
_a004.36 _bCOU |
| 100 | 1 |
_aCoulouris, George. _94258 |
|
| 245 | 1 | 0 |
_aDistributed systems : _bConcepts and design / _cGeorge Coulouris, Jean Dollimore, Tim Kindberg. |
| 250 | _a4th ed. | ||
| 260 |
_aHarlow, England ; _bAddison-Wesley, _cc.2005. |
||
| 300 |
_axiv, 927 p. : _bill. ; _c24 cm. |
||
| 490 | _aInternational computer science series | ||
| 500 | _aIndex: p. 909-927. | ||
| 504 | _aBibliography: p. 859-908. | ||
| 590 | _aMohamed Hussein | ||
| 650 | 0 |
_aElectronic data processing _xDistributed processing. _94260 _2BUEsh |
|
| 651 | _2BUEsh | ||
| 653 |
_bCOMSCI _bENGELC _cAugust2015 |
||
| 655 |
_aDistributed Systems- year 2. _vtext book _xComputer Science _ySemester 2. 2008/2009 |
||
| 700 | 1 |
_aDollimore, Jean. _94261 |
|
| 700 | 1 |
_aKindberg, Tim. _94262 |
|
| 942 |
_cBB _k004.36COU _2ddc |
||
| 999 |
_c5202 _d5202 |
||